Viipurinlääninkunnat 1935 - Statistics

Yleistilastot
  • Tätä visaa on pelattu 267 kertaa
    266 viimeisimmän päivityksen jälkeen
  • Keskiarvotulos 61 / 76
Vastaustilastot
Kunnat % Oikein
Viipuri
96%
Lappee
95%
Lemi
92%
Sortavala
92%
Viipurin mlk
92%
Lappeenranta
91%
Hamina
90%
Parikkala
90%
Kotka
89%
Kouvola
89%
Miehikkälä
89%
Sortavalan mlk
89%
Virolahti
89%
Koivisto
87%
Luumäki
87%
Taipalsaari
87%
Antrea
86%
Käkisalmi
86%
Rautjärvi
86%
Ruokolahti
86%
Säkkijärvi
86%
Lauritsala
85%
Savitaipale
85%
Jaakkima
84%
Käkisalmen mlk
84%
Kymi
84%
Terijoki
84%
Joutseno
82%
Koiviston mlk
82%
Saari
82%
Salmi
82%
Ylämaa
82%
Äyräpää
81%
Johannes
81%
Tytärsaari
81%
Uukuniemi
81%
Vehkalahti
81%
Impilahti
80%
Kivennapa
80%
Kuolemajärvi
80%
Muolaa
80%
Simpele
80%
Suojärvi
80%
Suursaari
80%
Heinjoki
78%
Lahdenpohja
78%
Metsäpirtti
78%
Nuijamaa
78%
Valkeala
78%
Valkjärvi
78%
Haapasaari
77%
Harlu
77%
Lumivaara
77%
Vuoksela
77%
Hiitola
76%
Rautu
76%
Seiskari
76%
Soanlahti
76%
Uusikirkko Vl
76%
Vuoksenranta
76%
Jääski
75%
Kurkijoki
75%
Kirvu
73%
Korpiselkä
73%
Lavansaari
73%
Pyhtää
73%
Kanneljärvi
72%
Räisälä
72%
Ruskeala
71%
Sakkola
71%
Suomenniemi
70%
Sippola
68%
Vahviala
68%
Kaukola
67%
Pyhäjärvi Vpl
65%
Suistamo
65%
Ehtoja vastaavia visoja ei löytynyt
Tulosjakauma
Jokaisen tuloksen saaneiden osuus
Persentiili vastausten määrän mukaan
Tuloshistoriasi
Et ole pelannut tätä visaa sen viimeisimmän päivityksen jälkeen